Actors who worked with Clint Eastwood - Statistics

General Stats
  • This quiz has been taken 59 times
    29 since last reset
  • The average score is 28 of 179
Answer Stats
Films Answer % Correct
American Sniper, The Mule Bradley Cooper
94%
Million Dollar Baby Hilary Swank
94%
J. Edgar Leonardo DiCaprio
89%
Million Dollar Baby, Unforgiven, Invictus Morgan Freeman
89%
Mystic River Sean Penn
89%
Pale Rider Chris Penn
83%
Invictus, Hereafter Matt Damon
83%
Sully Tom Hanks
83%
Gran Torino, Invictus, Flags of Our Fathers Scott Eastwood
78%
Unforgiven, Absolute Power Gene Hackman
72%
Mystic River Tim Robbins
72%
Changeling Angelina Jolie
56%
The Bridges of Madison County Meryl Streep
56%
Juror #2 Nicholas Hoult
56%
Space Cowboys Tommy Lee Jones
56%
Absolute Power Ed Harris
50%
Mystic River Kevin Bacon
50%
Unforgiven Richard Harris
50%
Space Cowboys Donald Sutherland
44%
A Perfect World Kevin Costner
44%
Juror #2 Kiefer Sutherland
44%
Bird Forest Whitaker
39%
Richard Jewell Kathy Bates
39%
Sully Aaron Eckhart
33%
The Rookie Charlie Sheen
33%
Juror #2 J.K. Simmons
33%
Midnight in the Garden of Good and Evil John Cusack
33%
Midnight in the Garden of Good and Evil Kevin Spacey
33%
Juror #2 Toni Collette
33%
Million Dollar Baby Anthony Mackie
28%
Space Cowboys James Garner
28%
Changeling John Malkovich
28%
Richard Jewell, Space Cowboys Jon Hamm
28%
Letters from Iwo Jima Ken Watanabe
28%
Mystic River, The Mule Laurence Fishburne
28%
American Sniper Sienna Miller
28%
The Outlaw Josey Wales, Sudden Impact, The Gauntlet Sondra Locke
28%
Richard Jewell Wayne Duvall
28%
J. Edgar Armie Hammer
22%
Hereafter Bryce Dallas Howard
22%
Letters from Iwo Jima Hiroshi Watanabe
22%
Million Dollar Baby Jay Baruchel
22%
Blood Work Jeff Daniels
22%
Play Misty for Me Jessica Walter
22%
Mystic River, Sully, Absolute Power Laura Linney
22%
Mystic River, Space Cowboys Marcia Gay Harden
22%
Richard Jewell Sam Rockwell
22%
The Mule Andy García
17%
Jersey Boys Christopher Walken
17%
Unforgiven Frances Fisher
17%
The Eiger Sanction George Kennedy
17%
True Crime Isaiah Washington
17%
Gran Torino John Carroll Lynch
17%
Absolute Power Judy Davis
17%
Bird Keith David
17%
A Perfect World Laura Dern
17%
J. Edgar Naomi Watts
17%
Flags of Our Fathers Paul Walker
17%
Richard Jewell Paul Walter Hauser
17%
Juror #2 Zoey Deutch
17%
J. Edgar Adam Driver
11%
Gran Torino Ahney Her
11%
Changeling Amy Ryan
11%
Blood Work Anjelica Huston
11%
Sully Anna Gunn
11%
True Crime Bernard Hill
11%
The Outlaw Josey Wales Chief Dan George
11%
The 15:17 to Paris Jaleel White
11%
True Crime James Woods
11%
The 15:17 to Paris Jenna Fischer
11%
Jersey Boys John Lloyd Young
11%
Midnight in the Garden of Good and Evil Jude Law
11%
J. Edgar Judi Dench
11%
High Plains Drifter Marianna Hill
11%
High Plains Drifter Mitchell Ryan
11%
Richard Jewell Olivia Wilde
11%
Absolute Power Scott Glenn
11%
Mystic River Spencer Treat Clark
11%
Gran Torino William Hill
11%
Flags of Our Fathers Adam Beach
6%
Flags of Our Fathers Ann Dowd
6%
Sully Autumn Reeser
6%
Gran Torino Bee Vang
6%
American Sniper Ben Reed
6%
A Perfect World Bradley Whitford
6%
Hereafter Cécile de France
6%
Juror #2 Chris Messina
6%
The Mule Clifton Collins Jr.
6%
Hereafter Derek Jacobi
6%
American Sniper Elise Robertson
6%
Mystic River Emmy Rossum
6%
Jersey Boys Erich Bergen
6%
Juror #2 Gabriel Basso
6%
Space Cowboys James Cromwell
6%
Changeling, J. Edgar Jeffrey Donovan
6%
Flags of Our Fathers Jesse Bradford
6%
American Sniper Jonathan Groff
6%
J. Edgar Josh Lucas
6%
The 15:17 to Paris Judy Greer
6%
J. Edgar Kaitlyn Dever
6%
Juror #2 Leslie Bibb
6%
True Crime Lucy Liu
6%
Heartbreak Ridge Marsha Mason
6%
American Sniper Max Charles
6%
Jersey Boys Michael Lomenda
6%
Pale Rider Michael Moriarty
6%
Million Dollar Baby, The Mule Michael Peña
6%
Heartbreak Ridge Moses Gunn
6%
The Gauntlet Pat Hingle
6%
The Rookie Raúl Juliá
6%
Absolute Power Richard Jenkins
6%
Hereafter Richard Kind
6%
Blood Work Rick Hoffman
6%
Flags of Our Fathers Ryan Phillippe
6%
Letters from Iwo Jima Ryo Kase
6%
Bird Samuel E. Wright
6%
The 15:17 to Paris Spencer Stone
6%
Jersey Boys Vincent Piazza
6%
The 15:17 to Paris Alek Skarlatos
0%
Unforgiven Anna Thomson
0%
The Bridges of Madison County Annie Corley
0%
The 15:17 to Paris Anthony Sadler
0%
Bird Bill Cobbs
0%
The Outlaw Josey Wales, The Gauntlet Bill McKinney
0%
Midnight in the Garden of Good and Evil Bob Gunton
0%
Gran Torino Brian Haley
0%
A Perfect World Bruce McGill
0%
Pale Rider Carrie Snodgress
0%
Juror #2 Cedric Yarbrough
0%
White Hunter, Black Heart Charlotte Cornwall
0%
Gran Torino Christopher Carley
0%
True Crime Colman Domingo
0%
True Crime Denis Leary
0%
Absolute Power Dennis Haysbert
0%
Bird Diane Venora
0%
The Mule Dianne Wiest
0%
Play Misty for Me Donna Mills
0%
Cry Macho Dwight Yoakam
0%
Blood Work Dylan Walsh
0%
Cry Macho Eduardo Minett
0%
J. Edgar Ed Westwick
0%
Heartbreak Ridge Everett McGill
0%
Sully Holt McCallany
0%
Flags of Our Fathers Jamie Bell
0%
White Hunter, Black Heart Jeff Fahey
0%
Flags of Our Fathers John Slattery
0%
The Outlaw Josey Wales John Vernon
0%
J. Edgar Josh Hamilton
0%
Letters from Iwo Jima Kazunari Ninomiya
0%
American Sniper Keir O'Donnell
0%
Mystic River Kevin Chapman
0%
American Sniper Kyle Gallner
0%
True Crime LisaGay Hamilton
0%
Invictus Matt Stern
0%
Flags of Our Fathers Melanie Lynskey
0%
Changeling Michael Kelly
0%
Jersey Boys Mike Doyle
0%
Cry Macho Natalia Traven
0%
Flags of Our Fathers Neal McDonough
0%
Invictus Patrick Mofokeng
0%
The 15:17 to Paris P. J. Byrne
0%
The 15:17 to Paris Ray Corasani
0%
Flags of Our Fathers Robert Patrick
0%
The 15:17 to Paris Robert Pralgo
0%
Letters from Iwo Jima Shido Nakamura
0%
Hereafter Thierry Neuvic
0%
The 15:17 to Paris Thomas Lennon
0%
White Hunter, Black Heart Timothy Spall
0%
A Perfect World T. J. Lowther
0%
Space Cowboys Toby Stephens
0%
Mystic River Tom Kemp
0%
The 15:17 to Paris Tony Hale
0%
Invictus Tony Kgoroge
0%
Letters from Iwo Jima Tsuyoshi Ihara
0%
High Plains Drifter Verna Bloom
0%
The Eiger Sanction Vonetta McGee
0%
Space Cowboys William Devane
0%
The Gauntlet William Prince
0%
J. Edgar Zach Grenier
0%
No matching quizzes found
Score Distribution
Percent of People with Each Score
Percentile by Number Answered
Your Score History
You have not taken this quiz since the last reset